Responses for show #5251 - Monday, June 11, 2007

Susan Mitchell game 3.

Contestants

Matt Locke, an artist and designer from Colorado Springs, Colorado

Karla Sortland, a teacher from Las Vegas, Nevada

Susan Mitchell, a graduate student from College Station, Texas (whose 2-day cash winnings total $30,699)

Jeopardy! Round responses

(Alex: We continue our relationship with the New York Times and we deal with...)
THE NEW YORK TIMES TRAVEL
(Alex: We follow that up with a tribute to the late animator and voice artist...)
JOE RANFT: PIXAR LEGEND
RADCLIFFE GRADS
ANAGRAMMED SHAKESPEARE PLAYS
OTHER POWER RANGERS
"F" STOP
    $200 1
boutiques

Susan
    $200 6
(Karla: What is The Little Mermaid?)

Finding Nemo

SusanKarla
    $200 11
Helen Keller

Susan
    $200 13
Macbeth

Karla
    $200 23
(Matt: Who is Zorro?)

The Lone Ranger

KarlaMatt
    $200 16
flatware

Susan
    $400 2
Florence

Matt
    $400 7
Beauty & The Beast

Susan
    $400 12
Stockard Channing

Karla
    $400 14
Othello

Matt
    $400 24
(Matt: Who are the U.S. Marshals?)

the Texas Rangers

SusanMatt
    $400 19
freestyle

Susan
    $600 3
Madrid

Susan
    $600 8
Cars

Matt
    $600 15
Gertrude Stein

Karla
    $600 28
King Lear

Susan
    $600 25
Apollo

Susan
    $600 20
Forbidden City

Matt
    $800 4
(Matt: What are the Olympics?)
...
(Alex: [*], yes.)

Olympia

SusanMatt
    $800 9
(Matt: What is Ant?)
(Susan: What is Antz?)

A Bug's Life

SusanMatt
Triple Stumper
    $800 17
(Karla: Who is Zia?)

Benazir Bhutto

KarlaMatt
    $1,000 29
Julius Caesar

Susan
    $800 26
Normandy

Susan
    $800 21
(Alex: And it is the very famous [*].)

"Flight Of The Bumblebee"

Triple Stumper
    $1000 5
(Karla: What is Queensland?)

Victoria

KarlaMatt
    $1000 10
(Matt: What is Warrior?)

Toaster

SusanMatt
    $1000 18
(Margaret) Atwood

Karla
    $1000 30
(Susan: What is Romeo and Juliet?)

Titus Andronicus

Susan
Triple Stumper
    $1000 27
the French-Indian War

Susan
    $1000 22
Guy Fawkes

Susan

Scores at the first commercial break (after clue 15):

Susan Karla Matt
$2,600 $0 -$200

Scores at the end of the Jeopardy! Round:

Susan Karla Matt
$7,600 $400 $600

Double Jeopardy! Round responses

THE LIFE OF THE SEA
(Alex: And all of the clues will be from the Seymour Center from the Long Marine Laboratory in Santa Cruz.)
SARAH-DIPITY
INTERNATIONAL ROAD VEHICLE STICKERS
MORTAL MATTERS
SAN ANTONIO
(Alex: And if you deal with San Antonio, you must have...)
REMEMBER THE A LA "MODE"
    $400 9
(Alex: It's called [*], like many other animals.)

molting

Triple Stumper
    $400 2
Sarah Jessica Parker

Karla
    $400 20
Bangladesh

Susan
    $400 1
(P.T.) Barnum

Susan
    $400 14
Davy Crockett

Karla
    $400 15
a modem

Karla
    $800 10
Aristotle

Susan
    $800 7
Sarah Michelle Gellar

Matt
    $800 25
Papua New Guinea

Matt
    $800 3
Sheriff Pat Garrett

Karla
    $800 21
Eisenhower

Susan
    $800 16
a commode

Matt
    $1200 11
the phalanges

Susan
    $2,000 8
(Matt: It's a blank. Who is... it's not comin' to me.)
(Alex: The category is SARAH-DIPITY, and the singer is sweet and sassy [*].)

Sarah Vaughan

Matt
    $1200 26
the Ivory Coast

Susan
    $1200 4
Patrick Henry

Susan
    $1200 22
the Riverwalk

Susan
    $1200 17
(Alex: And that is something that is [*].)

outmoded

Triple Stumper
    $1,000 12
(Susan: What is... no.)

pectoral fins

Susan
    $1600 24
Sarah Brightman

Matt
    $1600 28
(Matt: What is Trinidad or Tobago?)

Trinidad & Tobago

SusanMatt
    $1600 5
Walt Whitman

Susan
    $1600 23
the Buffalo Soldiers

Karla
    $1600 18
Depeche Mode

Matt
    $2000 13
(Matt: What's a jellyfish?)

a sea anemone

Matt
Triple Stumper
    $2000 6
(George) McClellan

Susan
    $2000 27
(Alex: And those are called [*].)

Presidios

Triple Stumper
    $2000 19
Modest

Triple Stumper

Scores at the end of the Double Jeopardy! Round:

Susan Karla Matt
$19,000 $4,000 $600
(lock game)

[wagering suggestions for these scores]

Final Jeopardy! Round responses

ENTERTAINERS OF THE '60s
MattWho is Jackie Gleason?
$600
KarlaWho is [Bob Newhart crossed out] Bill Cosby?
$3,000
SusanWho is Shatner?
$0
Bill Cosby

Final scores:

Susan Karla Matt
$19,000 $7,000 $0
3-day champion: $49,699 2nd place: $2,000 3rd place: $1,000

Game dynamics:

Coryat scores:

Susan Karla Matt
$19,800 $4,000 $2,600
27 R
(including 1 DD),
3 W
(including 1 DD)
10 R,
3 W
11 R,
8 W
(including 1 DD)

Combined Coryat: $26,400

The J! Archive is created by fans, for fans. The Jeopardy! game show and all elements thereof, including but not limited to copyright and trademark thereto, are the property of Jeopardy Productions, Inc. and are protected under law. This website is not affiliated with, sponsored by, or operated by Jeopardy Productions, Inc. Join the discussion at JBoard.tv.